000 00559nam a2200181 4500
005 20251014141401.0
008 251014b |||||||| |||| 00| 0 eng d
020 _a978-81-7534-492-1
040 _aNational Science Library
_cNational Science Library
080 _aR 349.2
_bP7
100 _aKumar, H L
245 _aPractical guide to contract labour regulation & abolition act & rules
260 _aNew Delhi:
_bUniversal Law Publishing Co. Pvt. Ltd.,
_c2002
300 _axxxi, 222p.
650 _aActs
650 _aLabour law
942 _2udc
_cBK
999 _c67824
_d67824